Musique par lettre - T - Statistiques

Statistiques générales
  • Ce quiz a été pris 168 fois
  • Le résultat moyen est 13 sur 20
Statistiques - réponses
Questions Réponses % Correct
Quelle chanteuse franco-israélienne interprète "Le Passé" et "Le Sens de la vie" ? Tal
88%
Quel album de Michael Jackson est le plus vendu de tous les temps ? Thriller
86%
Quelle chanson d'Umberto Tozzi signifie "Je t'aime" ? Ti amo
84%
Quelle chanson de Grégoire invite les gens à "rentrer dans la danse" ? Toi plus moi
84%
Quelle emblématique chanson du groupe a-ha parle de l'insouciance de l'engagement amoureux ? Take on me
74%
Quelle chanson de Jul évoque une femme qui "a le regard qui tue" ? Tchikita
74%
Quel rappeur américain, assassiné en 1996, interprète "Thug Nigga" et "California Love" ? Tupac Shakur
71%
Quel chanteur américain, surnommé le "Prince de la pop", a interprété les tubes "Can't stop the feeling" et "Sexyback" ? Justin Timberlake
70%
Quel chanteur canadien est l'interprète de "Blinding Lights" et "After Hours" ? The Weeknd
68%
Quelle chanson de David Guetta, interprétée par Sia évoque un métal solide et résistant, métaphore de la force intérieure de l'homme ? Titanium
66%
Quel tube de Zebda de 1998 a pris un caractère festif malgré les intentions engagées et militantes des auteurs ? Tomber la chemise
66%
Quelle chanson d'Indila débute par "Il était brun, le teint basané" ? Tourner dans le vide
64%
Quel groupe français chante "Hit Sale" et "Eté 90" ? Thérapie Taxi
59%
Quel groupe français des années 2000 interprète "Hey oh" ? Tragédie
59%
Quel rappeur français, souvent en feat avec Gazo, interprète "Meuda" et "Méridian" ? Tiakola
55%
Quel chanteur français a interprété "Douce France" et "La Mer" ? Charles Trénet
53%
Quelle chanson constitue le titre le plus connu de Hozier ? Take me to church
52%
Quel rappeur américain est l'interprète de chanson "Highest in the room" et "Fein" ? Travis Scott
43%
Quel groupe de musique interprète "Façon Sex" au milieu des années 2000 ? Tribal King
31%
Quelle chanson de Maître Gims évoque la mélancolie de sa vie sentimentale ? Tu vas me manquer
9%
Aucun quiz correspondant
Distribution des résultats
% des personnes avec chaque résultat
Percentile par nombre de réponses
Votre historique - résultats
Vous n’avez pas pris ce quiz